000 00540nam a2200181Ia 4500
008 151018s9999 xx 000 0 und d
082 _bRBASDV40113
_a891.463
100 _aभास्कर महाजन
245 _aइच्छाधारी
250 _b1
260 _bपार्टनर
_c2005
300 _a192
600 _aभास्कर महाजन
630 _aइच्छाधारी
700 _aभास्कर महाजन
730 _aइच्छाधारी
942 _cBOOK
999 _c1039396
_d1039393